Berlin (Titelsatznr. 60976)
[ MARC ]
| 000 -Satzkennung | |
|---|---|
| Kontrollfeld mit fester Länge | 01094cam a2200349 4500 |
| 001 - Kontrollnummer | |
| Kontrollfeld | 1116289822 |
| 003 - Kontrollnummer Identifier | |
| Kontrollfeld | DE-627 |
| 005 - Datum und Zeit der letzten Transaktion | |
| Kontrollfeld | 20201123144952.0 |
| 007 - Feld mit fester Länge zur physischen Beschreibung - Allgemeine Information | |
| Kontrollfeld mit fester Länge | tu |
| 008 - Feld mit fester Länge zur physischen Beschreibung - Allgemeine Angaben | |
| Kontrollfeld mit fester Länge | 950703s1931 xx ||||| 00| ||ger c |
| 035 ## - Systemkontrollnummer | |
| System-Kontrollnummer | (DE-627)1116289822 |
| 035 ## - Systemkontrollnummer | |
| System-Kontrollnummer | (DE-576)046289828 |
| 035 ## - Systemkontrollnummer | |
| System-Kontrollnummer | (DE-599)BSZ046289828 |
| 035 ## - Systemkontrollnummer | |
| System-Kontrollnummer | (OCoLC)03094433 |
| 035 ## - Systemkontrollnummer | |
| System-Kontrollnummer | (OCoLC)604401401 |
| 035 ## - Systemkontrollnummer | |
| System-Kontrollnummer | (DE-604)8062123475 |
| 040 ## - Katalogisierungsquelle | |
| Original-Katalogisierungsstelle | DE-627 |
| Katalogisierungssprache | ger |
| Übertragungsstelle | DE-627 |
| Beschreibungsfestlegungen | rakwb |
| Bearbeitungsstelle | STAFF |
| 041 ## - Sprachcode | |
| Sprachcode des Textes/der Tonspur oder des separaten Titels | ger |
| 084 ## - Andere Notation | |
| Notation | 9,10 |
| Quelle der Nummer | ssgn |
| 084 ## - Andere Notation | |
| Notation | NR 6910 |
| Quelle der Nummer | rvk |
| IDN des Normdatensatzes oder Standardnummer | (DE-625)rvk/129679: |
| 100 1# - Haupteintragung - Personenname | |
| Personenname | Scheffler, Karl |
| Datumsangaben in Verbindung mit einem Namen | 1869-1951 |
| IDN des Normdatensatzes oder Standardnummer | (DE-588)118754262 |
| -- | (DE-627)079534481 |
| -- | (DE-576)209409177 |
| Code für Beziehungskennzeichnung | aut |
| 245 10 - Titel | |
| Titel | Berlin |
| Zusatz zum Titel | Wandlungen einer Stadt |
| Verfasserangabe etc. | von Karl Scheffler |
| 264 #1 - Produktion, Veröffentlichung, Distribution, Herstellung und Urheberrechtsvermerk | |
| Herstellungs-, Veröffentlichungs- Vertriebs-, Erzeugungsort | Berlin |
| Produzent, Herausgeber, Distributor, Hersteller | Cassirer |
| Datum der Herstellung, der Veröffentlichung, des Vertriebs oder des Urheberschutzvermerks | 1931 |
| 300 ## - Physische Beschreibung | |
| Umfang | 243 S. |
| Andere physische Details | Ill., Kt. |
| 336 ## - Inhaltstyp | |
| Inhaltstypterm | Text |
| Inhaltstypcode | txt |
| Quelle | rdacontent |
| 337 ## - Medientyp | |
| Bezeichnung des Medientyps | ohne Hilfsmittel zu benutzen |
| Medientypcode | n |
| Quelle | rdamedia |
| 338 ## - Datenträgertyp | |
| Datenträgertypbezeichnung | Band |
| Datenträgertypcode | nc |
| Quelle | rdacarrier |
| 951 ## - EQUIVALENCE OR CROSS-REFERENCE--GEOGRAPHIC NAME/AREA NAME [OBSOLETE] [CAN/MARC only] | |
| Geografischer Name | BO |
| 856 42 - Elektronische Adresse und Zugriff | |
| URL | <a href="http://d-nb.info/575983027/04">http://d-nb.info/575983027/04</a> |
| Kontaktstelle für Hilfe beim Zugriff | V:DE-605 |
| Elektronisches Format | application/pdf |
| Spezifische Materialangaben | Inhaltsverzeichnis |
| 942 ## - Zusätzliche Felder (Koha) | |
| Klassifikation oder Aufstellungssystematik | Andere/Generische Klassifikation |
| Koha-Medientyp | Monographien |
| Ausgeschieden | Verloren | Klassifikation oder Aufstellungssystematik | Beschädigt | Nicht entleihbar | Heimatbibliothek | Aufenthaltsbibliothek | Aufstellungsort | Erwerbungsdatum | Kodierter Standort-Qualifier | Anzahl Ausleihen | Signatur | Letzte Aktivität | Exemplarnummer | Preis gültig von | Koha-Medientyp | OPAC-Notiz |
|---|---|---|---|---|---|---|---|---|---|---|---|---|---|---|---|---|
| Andere/Generische Klassifikation | Stadtarchiv Frankfurt (Oder) | Archivbibliothek | Stadtarchiv Frankfurt (Oder) | Archivbibliothek | Magazin | 23/11/2020 | M | III: 1884 | 23/11/2020 | 104/2020 | 23/11/2020 | Monographien | Nachlass Kießling |